La première chevauchée du Prince Noir (1355) - Carte - Statistiques

Statistiques générales
  • Ce quiz a été pris 12 fois
  • Le résultat moyen est 7 sur 10
Réponses sur la Carte
Les réponses sont colorées sur une échelle allant du rouge au vert en fonction du pourcentage des utilisateurs qui les ont devinées à leur premier essai. Vous pouvez retrouver ces pourcentages ci-dessous.
 
Statistiques - réponses
Date Ville Pop % Correct
20 septembre Bordeaux 268 000
100%
27 octobre Toulouse 514 900
100%
3-6 novembre Carcassonne 46 000
92%
8-10 novembre Narbonne 57 600
83%
2 novembre Castelnaudary 12 200
67%
21 octobre Mirande 3 500
67%
6 octobre Langon 7 600
58%
15 novembre Limoux 10 500
58%
17 novembre Auterive 10 500
33%
26 octobre Saint-Lys 9 900
33%
Aucun quiz correspondant
Distribution des résultats
% des personnes avec chaque résultat
Percentile par nombre de réponses
Votre historique - résultats
Vous n’avez pas pris ce quiz